[Event "42. Torneo Internacional de La Roda"]
[Site "La Roda ESP"]
[Date "2015.04.04"]
[Round "6.15"]
[White "Cifuentes Parada, Roberto"]
[Black "Dias, Ivo Rodrigues"]
[Result "1-0"]
[WhiteElo "2461"]
[BlackElo "2169"]
[PlyCount "77"]
[EventDate "2015.04.01"]
[EventType "swiss"]
[EventRounds "9"]
[EventCountry "ESP"]
[Source "lmi"]
[SourceDate "2015.04.01"]

1. d4 Nf6 2. Nf3 e6 3. Bg5 c5 4. e3 cxd4 5. exd4 b6 6. Bd3 Bb7 7. O-O Be7 8.
Nbd2 d6 9. c3 O-O 10. a4 Nbd7 11. a5 Rc8 12. Re1 h6 13. Bh4 Nd5 14. Bxe7 Qxe7
15. axb6 axb6 16. Ra7 Nb8 17. c4 Nb4 18. Be4 Rc7 19. Bxb7 Rxb7 20. Rxb7 Qxb7
21. Qb3 N8a6 22. Ra1 d5 23. h3 dxc4 24. Nxc4 Ra8 25. Nfe5 Rd8 26. Qc3 Nd5 27.
Qf3 Nab4 28. Qe4 Qc7 29. Ne3 Re8 30. Qf3 Rd8 31. h4 Nc6 32. Nxd5 Rxd5 33. Qc3
Rxd4 34. Nxc6 Rxh4 35. g3 Rh5 36. Ra8+ Kh7 37. Qc2+ f5 38. b4 Rg5 39. Kg2 1-0

[Event "42. Torneo Internacional de La Roda"]
[Site "La Roda ESP"]
[Date "2015.04.04"]
[Round "6.16"]
[White "Moreno Ibanez, Miguel"]
[Black "Moreno Ruiz, Javier"]
[Result "0-1"]
[WhiteElo "2210"]
[BlackElo "2461"]
[PlyCount "128"]
[EventDate "2015.04.01"]
[EventType "swiss"]
[EventRounds "9"]
[EventCountry "ESP"]
[Source "lmi"]
[SourceDate "2015.04.01"]

1. e4 c5 2. Nf3 g6 3. c4 Nc6 4. d4 cxd4 5. Nxd4 Bg7 6. Be3 Nf6 7. Nc3 d6 8. Be2
O-O 9. O-O Bd7 10. Qd2 Nxd4 11. Bxd4 Bc6 12. Bd3 a5 13. Rae1 a4 14. Nd5 Nd7 15.
Bxg7 Kxg7 16. Qc3+ e5 17. Ne3 Nc5 18. f3 Qa5 19. Qxa5 Rxa5 20. Rd1 Ra6 21. Bb1
Rb6 22. Rf2 Rd8 23. Rdd2 Kf8 24. Rfe2 Ke7 25. Kf1 Ra8 26. Ke1 f6 27. Kd1 Ne6
28. Kc1 Nd4 29. Rf2 Rb4 30. Bd3 Ne6 31. Nc2 Rb6 32. Rf1 Nc5 33. Rfd1 Bd7 34.
Bf1 Rc8 35. Na3 f5 36. exf5 gxf5 37. Kb1 f4 38. Nb5 Bxb5 39. cxb5 Ne6 40. Bd3
h6 41. Bf5 Rc5 42. Bxe6 Kxe6 43. g3 Rcxb5 44. gxf4 exf4 45. Rc1 Rd5 46. Rxd5
Kxd5 47. Re1 Rc6 48. Re7 b5 49. h4 Rc4 50. a3 Kd4 51. Re6 d5 52. Rxh6 Ke3 53.
Rd6 d4 54. h5 Rc5 55. h6 Rh5 56. Re6+ Kd2 57. b3 d3 58. Kb2 Rh3 59. bxa4 bxa4
60. Re4 Rxh6 61. Rxf4 Rb6+ 62. Ka2 Ke3 63. Rf8 Rd6 64. Re8+ Kf2 0-1

[Event "42. Torneo Internacional de La Roda"]
[Site "La Roda ESP"]
[Date "2015.04.04"]
[Round "6.17"]
[White "Smirnov, Artem"]
[Black "Nicolas Zapata, Irene"]
[Result "1-0"]
[WhiteElo "2456"]
[BlackElo "2186"]
[PlyCount "53"]
[EventDate "2015.04.01"]
[EventType "swiss"]
[EventRounds "9"]
[EventCountry "ESP"]
[Source "lmi"]
[SourceDate "2015.04.01"]

1. e4 c5 2. Nf3 Nc6 3. Bb5 d6 4. O-O Bd7 5. Re1 e5 6. c3 g5 7. d4 g4 8. Nfd2 h5
9. Na3 Qf6 10. Nf1 cxd4 11. cxd4 exd4 12. Nc4 Nge7 13. b3 O-O-O 14. Bb2 Rg8 15.
b4 Bg7 16. Ng3 Kb8 17. Rc1 h4 18. Nh5 Qg5 19. Nxg7 Qxg7 20. Bxc6 Nxc6 21. b5
Ne5 22. Qxd4 Bxb5 23. Nxe5 dxe5 24. Qc5 f6 25. Qxb5 g3 26. fxg3 hxg3 27. h3 1-0

[Event "42. Torneo Internacional de La Roda"]
[Site "La Roda ESP"]
[Date "2015.04.04"]
[Round "6.18"]
[White "Domingo Nunez, Alejandro"]
[Black "Lopez Mulet, Inigo"]
[Result "1/2-1/2"]
[WhiteElo "2185"]
[BlackElo "2356"]
[PlyCount "47"]
[EventDate "2015.04.01"]
[EventType "swiss"]
[EventRounds "9"]
[EventCountry "ESP"]
[Source "lmi"]
[SourceDate "2015.04.01"]

1. e4 e6 2. Nc3 d5 3. Nf3 Nf6 4. e5 Nfd7 5. d4 c5 6. dxc5 Nc6 7. Bf4 Bxc5 8.
Bd3 f6 9. exf6 Qxf6 10. Bg3 O-O 11. O-O Nd4 12. Nxd4 Bxd4 13. Qh5 g6 14. Qe2
Nc5 15. Nd1 Bd7 16. c3 Nxd3 17. Qxd3 Bb6 18. Bd6 Rf7 19. Qg3 h5 20. h4 Kh7 21.
Be5 Qe7 22. Bd6 Qf6 23. Be5 Qe7 24. Bd6 1/2-1/2

[Event "42. Torneo Internacional de La Roda"]
[Site "La Roda ESP"]
[Date "2015.04.04"]
[Round "6.19"]
[White "Moya Albaladejo, Jose Antonio"]
[Black "Aquino, Jose Rodolfo"]
[Result "0-1"]
[WhiteElo "1909"]
[BlackElo "2215"]
[PlyCount "34"]
[EventDate "2015.04.01"]
[EventType "swiss"]
[EventRounds "9"]
[EventCountry "ESP"]
[Source "lmi"]
[SourceDate "2015.04.01"]

1. e4 e6 2. d4 d5 3. Nc3 Nf6 4. e5 Nfd7 5. f4 f5 6. Nf3 Be7 7. Be3 c5 8. Qd2
Nc6 9. O-O-O a6 10. h3 b5 11. g4 Qa5 12. gxf5 b4 13. fxe6 Nb6 14. Nb1 c4 15. c3
Qxa2 16. f5 Na5 17. Qg2 Na4 0-1

[Event "42. Torneo Internacional de La Roda"]
[Site "La Roda ESP"]
[Date "2015.04.04"]
[Round "6.20"]
[White "Nieves Cabanes, Jose Manuel"]
[Black "Ramiro Ovejero, Juan Luis"]
[Result "1/2-1/2"]
[WhiteElo "2168"]
[BlackElo "2345"]
[PlyCount "37"]
[EventDate "2015.04.01"]
[EventType "swiss"]
[EventRounds "9"]
[EventCountry "ESP"]
[Source "lmi"]
[SourceDate "2015.04.01"]

1. d4 d5 2. c4 c6 3. Nc3 Nf6 4. cxd5 cxd5 5. Bf4 a6 6. e3 Nc6 7. Bd3 g6 8. Nge2
Bg7 9. h3 O-O 10. O-O Re8 11. Rc1 e5 12. dxe5 Nxe5 13. Bb1 Nc4 14. b3 Na3 15.
Bd3 Bd7 16. Nd4 Qa5 17. Qe2 Rac8 18. Qb2 Nb5 19. Ncxb5 1/2-1/2

[Event "42. Torneo Internacional de La Roda"]
[Site "La Roda ESP"]
[Date "2015.04.04"]
[Round "7.1"]
[White "Granda Zuniga, Julio E"]
[Black "Perez Candelario, Manuel"]
[Result "1-0"]
[WhiteElo "2649"]
[BlackElo "2566"]
[PlyCount "103"]
[EventDate "2015.04.01"]
[EventType "swiss"]
[EventRounds "9"]
[EventCountry "ESP"]
[Source "lmi"]
[SourceDate "2015.04.01"]

1. c4 e5 2. Nc3 d6 3. g3 g6 4. Bg2 Bg7 5. d3 Ne7 6. h4 h6 7. e4 Nbc6 8. Nge2
Bg4 9. f3 Bd7 10. Bd2 Rb8 11. Rc1 O-O 12. O-O f5 13. Nd5 Kh7 14. Qe1 Nxd5 15.
cxd5 Ne7 16. Be3 c6 17. Qb4 c5 18. Qd2 fxe4 19. dxe4 Ng8 20. b4 b6 21. bxc5
bxc5 22. Rb1 Nf6 23. Rxb8 Qxb8 24. Nc3 Qc7 25. Rb1 Rb8 26. Bf1 Ne8 27. Nb5 Qd8
28. Rb2 a6 29. Na3 Nc7 30. Nc4 Rxb2 31. Qxb2 Nb5 32. Kg2 Qf6 33. a4 Nd4 34.
Bxd4 exd4 35. Qb3 d3 36. Bxd3 Qa1 37. Qb1 Qf6 38. h5 Kg8 39. hxg6 h5 40. e5
dxe5 41. Qb8+ Qf8 42. Qxf8+ Kxf8 43. Nb6 Be8 44. d6 Bc6 45. Bxa6 e4 46. Bb5
exf3+ 47. Kf1 Be4 48. Nd7+ Kg8 49. Nxc5 Bf5 50. d7 Bf6 51. Nb7 h4 52. gxh4 1-0

[Event "42. Torneo Internacional de La Roda"]
[Site "La Roda ESP"]
[Date "2015.04.04"]
[Round "7.2"]
[White "Peralta, Fernando"]
[Black "Arribas Lopez, Angel"]
[Result "1/2-1/2"]
[WhiteElo "2569"]
[BlackElo "2524"]
[PlyCount "68"]
[EventDate "2015.04.01"]
[EventType "swiss"]
[EventRounds "9"]
[EventCountry "ESP"]
[Source "lmi"]
[SourceDate "2015.04.01"]

1. d4 e6 2. c4 d5 3. Nc3 Bb4 4. e3 Nf6 5. a3 Bxc3+ 6. bxc3 c6 7. Nf3 O-O 8. Bd3
b6 9. cxd5 cxd5 10. Qe2 Bb7 11. Bb2 Qc8 12. c4 dxc4 13. Bxc4 Ba6 14. Bxa6 Qxa6
15. Qxa6 Nxa6 16. Ke2 Rfc8 17. Rhc1 Nd5 18. a4 f6 19. Ne1 Kf7 20. Kd2 Ne7 21.
Ba3 Nc6 22. Rc3 Na5 23. Rac1 Rxc3 24. Rxc3 Rd8 25. Nd3 e5 26. dxe5 fxe5 27. Ke2
Ke6 28. f4 exf4 29. Nxf4+ Kf7 30. g4 Nb7 31. Nd3 Rd5 32. Rc8 Rd8 33. Rc6 Rd5
34. Rc8 Rd8 1/2-1/2

[Event "42. Torneo Internacional de La Roda"]
[Site "La Roda ESP"]
[Date "2015.04.04"]
[Round "7.3"]
[White "Plazuelo Pascual, Juan"]
[Black "Kovchan, Alexander"]
[Result "0-1"]
[WhiteElo "2323"]
[BlackElo "2581"]
[PlyCount "84"]
[EventDate "2015.04.01"]
[EventType "swiss"]
[EventRounds "9"]
[EventCountry "ESP"]
[Source "lmi"]
[SourceDate "2015.04.01"]

1. d4 Nf6 2. c4 g6 3. f3 e6 4. e4 d5 5. cxd5 exd5 6. Nc3 dxe4 7. fxe4 Bb4 8.
Bg5 h6 9. Bxf6 Qxf6 10. Nf3 Qf4 11. Bb5+ c6 12. Bd3 Qe3+ 13. Qe2 Qxe2+ 14. Kxe2
O-O 15. a3 Be7 16. Rhf1 Nd7 17. Bc4 b5 18. Bd3 Bb7 19. Rac1 a6 20. e5 c5 21.
Be4 Bxe4 22. Nxe4 c4 23. Rcd1 Rfe8 24. Rfe1 Rad8 25. Nc3 Nb6 26. Kf2 f6 27.
exf6 Bxf6 28. Ne4 Bg7 29. Nc5 Rxe1 30. Rxe1 Rxd4 31. Re6 Rd5 32. Nxa6 Na4 33.
Rxg6 Nxb2 34. Nc7 c3 35. Nxd5 c2 36. Ne5 c1=Q 37. Nf6+ Kf8 38. Nfd7+ Ke8 39.
Rxg7 Nd3+ 40. Nxd3 Qd2+ 41. Kg1 Qe3+ 42. Kh1 Qd4 0-1

[Event "42. Torneo Internacional de La Roda"]
[Site "La Roda ESP"]
[Date "2015.04.04"]
[Round "7.4"]
[White "Torres Sanchez, Jose"]
[Black "Strikovic, Aleksa"]
[Result "1/2-1/2"]
[WhiteElo "2262"]
[BlackElo "2522"]
[PlyCount "51"]
[EventDate "2015.04.01"]
[EventType "swiss"]
[EventRounds "9"]
[EventCountry "ESP"]
[Source "lmi"]
[SourceDate "2015.04.01"]

1. Nc3 d5 2. d4 f5 3. Bf4 Nf6 4. e3 e6 5. h3 Be7 6. Nf3 O-O 7. Ne5 Nbd7 8. Bd3
c5 9. Nxd7 Bxd7 10. dxc5 Bxc5 11. O-O Qe7 12. Nb5 a6 13. Nc3 e5 14. Bh2 Rad8
15. Nb1 d4 16. exd4 Bxd4 17. c3 Ba7 18. Qe2 e4 19. Na3 b5 20. Bc2 Be6 21. Rfd1
Nd5 22. Bb3 Bf7 23. Nc2 f4 24. Nd4 e3 25. Re1 Bxd4 26. cxd4 1/2-1/2

[Event "42. Torneo Internacional de La Roda"]
[Site "La Roda ESP"]
[Date "2015.04.04"]
[Round "7.5"]
[White "Adla, Diego"]
[Black "Tejedor Fuente, Enrique"]
[Result "1-0"]
[WhiteElo "2451"]
[BlackElo "2328"]
[PlyCount "119"]
[EventDate "2015.04.01"]
[EventType "swiss"]
[EventRounds "9"]
[EventCountry "ESP"]
[Source "lmi"]
[SourceDate "2015.04.01"]

1. d4 Nf6 2. c4 c6 3. Nc3 d5 4. e3 e6 5. Nf3 Nbd7 6. Qc2 Bd6 7. Be2 O-O 8. O-O
dxc4 9. Bxc4 e5 10. Bb3 exd4 11. exd4 Qc7 12. Re1 Nb6 13. Bg5 Nfd5 14. Qe4 h6
15. Bd2 Qd7 16. Bc2 f5 17. Qd3 Qf7 18. Nxd5 Nxd5 19. Ne5 Bxe5 20. Rxe5 Be6 21.
Rae1 Rae8 22. Qa3 a6 23. Bb4 Nxb4 24. Qxb4 Kh7 25. Qa5 Bc8 26. Rxe8 Rxe8 27.
Rxe8 Qxe8 28. Bxf5+ Bxf5 29. Qxf5+ Kh8 30. Kf1 Qg8 31. b3 Qd8 32. Qe5 Qf8 33.
h4 Qb4 34. Qe8+ Kh7 35. Qe4+ Kh8 36. Qe3 Qa5 37. a4 Qd5 38. f3 Qd8 39. h5 Qa5
40. g4 Qd8 41. Kg2 Qd7 42. Kg3 Qd6+ 43. f4 Qd8 44. g5 hxg5 45. fxg5 Qb8+ 46.
Qe5 Qg8 47. d5 a5 48. h6 cxd5 49. Qxg7+ Qxg7 50. hxg7+ Kxg7 51. Kf4 Kg6 52. Ke5
Kxg5 53. Kxd5 Kf5 54. Kc5 Ke5 55. Kb6 Kd6 56. Kxb7 Kc5 57. Ka6 Kb4 58. Kb6 Kxb3
59. Kxa5 Kc4 60. Kb6 1-0

[Event "42. Torneo Internacional de La Roda"]
[Site "La Roda ESP"]
[Date "2015.04.04"]
[Round "7.6"]
[White "Arias Igual, Alejandro"]
[Black "Valmana Canto, Jaime"]
[Result "0-1"]
[WhiteElo "2274"]
[BlackElo "2425"]
[PlyCount "100"]
[EventDate "2015.04.01"]
[EventType "swiss"]
[EventRounds "9"]
[EventCountry "ESP"]
[Source "lmi"]
[SourceDate "2015.04.01"]

1. d4 Nf6 2. c4 e6 3. Nf3 d5 4. Nc3 Bb4 5. Bg5 Nbd7 6. e3 c5 7. cxd5 exd5 8.
dxc5 Qa5 9. Rc1 Bxc3+ 10. bxc3 O-O 11. Bxf6 Nxf6 12. Qd4 Bf5 13. Bd3 Bxd3 14.
Qxd3 Rac8 15. O-O Rxc5 16. Nd4 Qc7 17. h3 Rc8 18. Ne2 b6 19. Rfd1 g6 20. Nf4
Qe5 21. Qa6 Qb8 22. Qa3 Kg7 23. Qb3 Qb7 24. Rd3 Qc6 25. Rcd1 Rxc3 26. Rxc3 Qxc3
27. Nxd5 Qxb3 28. axb3 Rd8 29. Nc3 Rxd1+ 30. Nxd1 Ne4 31. f3 Nc5 32. b4 Nd3 33.
b5 Kf6 34. Kf1 Ke6 35. Ke2 Ne5 36. f4 Nc4 37. Kd3 Kd5 38. e4+ Kc5 39. e5 Kxb5
40. Nc3+ Kb4 41. Na2+ Kc5 42. g4 g5 43. fxg5 Nxe5+ 44. Ke4 Kd6 45. Nc3 a5 46.
Kf5 Nf3 47. Kf6 Kc5 48. Kxf7 Nxg5+ 49. Kg7 Nxh3 50. Kxh7 Kc4 0-1

[Event "42. Torneo Internacional de La Roda"]
[Site "La Roda ESP"]
[Date "2015.04.04"]
[Round "7.7"]
[White "Forcen Esteban, Daniel"]
[Black "Santos, Antonio P"]
[Result "1-0"]
[WhiteElo "2519"]
[BlackElo "2286"]
[PlyCount "95"]
[EventDate "2015.04.01"]
[EventType "swiss"]
[EventRounds "9"]
[EventCountry "ESP"]
[Source "lmi"]
[SourceDate "2015.04.01"]

1. e4 c5 2. Nf3 d6 3. d4 cxd4 4. Nxd4 Nf6 5. Nc3 a6 6. Bg5 e6 7. f4 Be7 8. Qf3
h6 9. Bh4 Nbd7 10. O-O-O Qc7 11. Bd3 g5 12. fxg5 Ne5 13. Qe2 Nh7 14. Kb1 hxg5
15. Bf2 Nf6 16. h4 g4 17. Be3 b5 18. a3 Rb8 19. Bg5 b4 20. axb4 Rxb4 21. Nb3
Bb7 22. Rhe1 Nfd7 23. Bxa6 Bxg5 24. hxg5 Bxa6 25. Qxa6 Ke7 26. Nb5 Qb8 27. Nxd6
Rb6 28. Nf5+ exf5 29. Qa3+ Kd8 30. exf5 Kc8 31. Re3 Nc4 32. Qa4 Qc7 33. Re7 Rd8
34. Qa8+ Rb8 35. Qa6+ Rb7 36. Rd4 Ncb6 37. Na5 Kb8 38. Qxb7+ Qxb7 39. Nxb7 Kxb7
40. Rxf7 Kc6 41. g6 Rg8 42. Rxg4 Ne5 43. Rf6+ Kc5 44. Rh4 Nd5 45. Re6 Nc4 46.
Kc1 Rc8 47. Rxc4+ Kxc4 48. g7 1-0

[Event "42. Torneo Internacional de La Roda"]
[Site "La Roda ESP"]
[Date "2015.04.04"]
[Round "7.8"]
[White "Moreno Ruiz, Javier"]
[Black "Jimenez Martinez, Jose Vicente"]
[Result "1-0"]
[WhiteElo "2461"]
[BlackElo "2301"]
[PlyCount "79"]
[EventDate "2015.04.01"]
[EventType "swiss"]
[EventRounds "9"]
[EventCountry "ESP"]
[Source "lmi"]
[SourceDate "2015.04.01"]

1. c4 g6 2. g3 Bg7 3. Bg2 d6 4. Nc3 Nf6 5. d3 O-O 6. e4 c5 7. Nge2 Nc6 8. O-O
Ne8 9. Be3 Nc7 10. d4 cxd4 11. Nxd4 Ne5 12. b3 Ng4 13. Bc1 Ne6 14. Nde2 Nc5 15.
h3 Ne5 16. Be3 a5 17. f4 Nc6 18. Rb1 f5 19. e5 Be6 20. Bxc5 dxc5 21. Bxc6 bxc6
22. Qxd8 Rfxd8 23. Rfd1 g5 24. Na4 Bf7 25. Nxc5 gxf4 26. gxf4 Bh5 27. Kf2 Bh6
28. Rxd8+ Rxd8 29. Ng3 Rd2+ 30. Ke3 Rh2 31. Rh1 Rxh1 32. Nxh1 Bd1 33. Ng3 Bc2
34. Ne2 Kf7 35. Nd4 Bb1 36. Nxc6 Bxa2 37. Nxa5 e6 38. Nab7 Ke7 39. Nd6 Bf8 40.
b4 1-0

[Event "42. Torneo Internacional de La Roda"]
[Site "La Roda ESP"]
[Date "2015.04.04"]
[Round "7.9"]
[White "Suarez Gomez, Julio"]
[Black "Cifuentes Parada, Roberto"]
[Result "1/2-1/2"]
[WhiteElo "2358"]
[BlackElo "2461"]
[PlyCount "104"]
[EventDate "2015.04.01"]
[EventType "swiss"]
[EventRounds "9"]
[EventCountry "ESP"]
[Source "lmi"]
[SourceDate "2015.04.01"]

1. e4 c5 2. Nf3 e6 3. d4 cxd4 4. Nxd4 Nf6 5. Nc3 Nc6 6. Ndb5 d6 7. Bf4 e5 8.
Bg5 a6 9. Na3 Be6 10. Nc4 Rc8 11. Bxf6 Qxf6 12. Nd5 Qd8 13. c3 g6 14. a4 Be7
15. Ncb6 Rb8 16. Bc4 Bg5 17. a5 O-O 18. b4 Kh8 19. O-O f5 20. exf5 gxf5 21. Qh5
Bf7 22. Qh3 Ne7 23. Nxe7 Qxe7 24. Bxf7 Rxf7 25. Rad1 e4 26. Kh1 f4 27. Nc8 Qe5
28. Nxd6 Rf6 29. Qd7 Rbf8 30. Nc4 Qe6 31. Nb6 Bh6 32. g3 fxg3 33. hxg3 Qe5 34.
Qd4 Qh5+ 35. Kg1 Bg7 36. Qxe4 Rh6 37. Qg2 Bxc3 38. Rd5 Qe2 39. Nd7 Re8 40. Nc5
Bxb4 41. Nd3 Bd2 42. Rd7 Qh5 43. Rxb7 Qf5 44. Nb4 Be1 45. Nd5 Bxa5 46. Ne3 Qh5
47. Rfb1 Bd2 48. Rb8 Bxe3 49. fxe3 Rhe6 50. Qb2+ Qe5 51. Qxe5+ Rxe5 52. Rxe8+
Rxe8 1/2-1/2

[Event "42. Torneo Internacional de La Roda"]
[Site "La Roda ESP"]
[Date "2015.04.04"]
[Round "7.10"]
[White "Starostits, Ilmars"]
[Black "Barrenechea Bahamonde, Gustavo"]
[Result "1-0"]
[WhiteElo "2460"]
[BlackElo "2215"]
[PlyCount "91"]
[EventDate "2015.04.01"]
[EventType "swiss"]
[EventRounds "9"]
[EventCountry "ESP"]
[Source "lmi"]
[SourceDate "2015.04.01"]

1. e4 d5 2. exd5 Nf6 3. Bb5+ Nbd7 4. d4 Nxd5 5. Nf3 g6 6. O-O Bg7 7. c4 N5b6 8.
c5 c6 9. cxb6 cxb5 10. bxa7 O-O 11. Nc3 b4 12. Nd5 Nb6 13. Nxb4 Bg4 14. h3 Bxf3
15. Qxf3 Qxd4 16. a3 Nc4 17. Re1 e6 18. Qxb7 Rxa7 19. Qf3 Rd7 20. Rb1 Qc5 21.
b3 Nd2 22. Bxd2 Rxd2 23. Red1 Rxd1+ 24. Rxd1 Qa5 25. Nc2 Qc5 26. Rd2 Rc8 27. b4
Qb5 28. Ne3 h5 29. g3 Bh6 30. Rc2 Rxc2 31. Nxc2 Qc4 32. Qd1 Qb3 33. Kg2 Bg5 34.
h4 Be7 35. Qd7 Bf6 36. Qc6 Bc3 37. Qa8+ Kg7 38. Ne3 Bb2 39. Qc6 Bxa3 40. b5 Bb2
41. b6 Bd4 42. b7 Ba7 43. Qa6 Bxe3 44. Qa8 Qd5+ 45. Kh2 Bxf2 46. b8=Q 1-0

[Event "42. Torneo Internacional de La Roda"]
[Site "La Roda ESP"]
[Date "2015.04.04"]
[Round "7.11"]
[White "Martinez Lopez, David"]
[Black "Smirnov, Artem"]
[Result "0-1"]
[WhiteElo "2290"]
[BlackElo "2456"]
[PlyCount "62"]
[EventDate "2015.04.01"]
[EventType "swiss"]
[EventRounds "9"]
[EventCountry "ESP"]
[Source "lmi"]
[SourceDate "2015.04.01"]

1. e4 c5 2. Nf3 d6 3. d4 cxd4 4. Nxd4 Nf6 5. Nc3 Bd7 6. Bc4 e6 7. O-O Nc6 8.
Be3 Be7 9. Bb3 O-O 10. f4 Nxd4 11. Bxd4 Bc6 12. Qe2 b5 13. Nxb5 Bxb5 14. Qxb5
Nxe4 15. Qe2 d5 16. Rad1 Bc5 17. Bxc5 Nxc5 18. f5 Qb6 19. Kh1 Ne4 20. c4 exf5
21. Rxd5 Rfe8 22. Qf3 g6 23. g3 Nf6 24. Rd2 Re3 25. Qg2 Rae8 26. Bd1 Ne4 27.
Rc2 Nc5 28. g4 f4 29. g5 Nd3 30. Be2 Ne1 31. Rxe1 f3 0-1

[Event "42. Torneo Internacional de La Roda"]
[Site "La Roda ESP"]
[Date "2015.04.04"]
[Round "7.12"]
[White "Ibanez Aullana, Ramon"]
[Black "Paunovic, Dragan"]
[Result "0-1"]
[WhiteElo "2288"]
[BlackElo "2442"]
[PlyCount "68"]
[EventDate "2015.04.01"]
[EventType "swiss"]
[EventRounds "9"]
[EventCountry "ESP"]
[Source "lmi"]
[SourceDate "2015.04.01"]

1. e4 c5 2. Nf3 e6 3. g3 Nc6 4. Bg2 Nf6 5. d3 Be7 6. O-O O-O 7. Re1 d6 8. c3
Ne5 9. Bf4 Nfd7 10. d4 cxd4 11. cxd4 Nxf3+ 12. Bxf3 e5 13. Be3 exd4 14. Bxd4
Ne5 15. Be2 Nc6 16. Be3 Bf6 17. Nc3 Re8 18. Qa4 Bxc3 19. bxc3 Qe7 20. Bd2 Bh3
21. Rab1 Rac8 22. f4 d5 23. Be3 d4 24. Bf2 dxc3 25. Bf3 b6 26. Qb5 c2 27. Rbc1
Qa3 28. Qb3 Qxb3 29. axb3 Nb4 30. Re2 Red8 31. Ree1 Nd3 32. Be3 Nxe1 33. Rxe1
Rd3 34. Kf2 Rxe3 0-1

[Event "42. Torneo Internacional de La Roda"]
[Site "La Roda ESP"]
[Date "2015.04.04"]
[Round "7.13"]
[White "Garcia Trobat, Francisco"]
[Black "Granero Roca, Antonio"]
[Result "0-1"]
[WhiteElo "2278"]
[BlackElo "2413"]
[PlyCount "150"]
[EventDate "2015.04.01"]
[EventType "swiss"]
[EventRounds "9"]
[EventCountry "ESP"]
[Source "lmi"]
[SourceDate "2015.04.01"]

1. e4 c5 2. Nf3 Nc6 3. d4 cxd4 4. Nxd4 g6 5. Nc3 Bg7 6. Be3 Nf6 7. Bc4 O-O 8.
Bb3 a5 9. O-O d6 10. h3 Bd7 11. a4 Nxd4 12. Bxd4 Bc6 13. f4 Nd7 14. Bxg7 Kxg7
15. e5 dxe5 16. fxe5 Nc5 17. Qxd8 Raxd8 18. Rad1 e6 19. Nb5 b6 20. Nd6 Bxa4 21.
Bxa4 Nxa4 22. Rd4 Nc5 23. Rdf4 Rd7 24. Nc4 Rb7 25. Nd6 Ra7 26. g4 g5 27. R4f3
h6 28. b3 Re7 29. h4 Nd7 30. Re1 gxh4 31. Rc3 f6 32. Rc7 Kg6 33. Nc4 Rff7 34.
exf6 Kxf6 35. Nd6 Rg7 36. Rf1+ Kg6 37. Nc4 Kg5 38. Kh2 Nf6 39. Rxe7 Rxe7 40.
Nxb6 Rc7 41. Nc4 a4 42. Ra1 axb3 43. Ra5+ Nd5 44. cxb3 Kxg4 45. Ra8 Rb7 46.
Rg8+ Kh5 47. Re8 Nf4 48. Rf8 Nd3 49. Rf3 Nc5 50. Re3 Kg4 51. Re5 Rc7 52. b4 Nd3
53. Ne3+ Kf3 54. Rxe6 Nf4 55. Re8 Ra7 56. Nf5 Ra2+ 57. Kh1 h3 58. Nd4+ Kf2 59.
Rf8 Ke3 60. Nf5+ Ke4 61. Ng3+ Ke3 62. Nf5+ Kf3 63. Nd4+ Ke4 64. b5 Rb2 65. Nf5
Nh5 66. Nd6+ Kd4 67. Rf3 h2 68. Rh3 Nf4 69. Rxh6 Kd5 70. Ne8 Ke4 71. b6 Kf3 72.
Rc6 Nh5 73. Rc3+ Kf4 74. Rc4+ Kg3 75. Rc3+ Kh4 0-1

[Event "42. Torneo Internacional de La Roda"]
[Site "La Roda ESP"]
[Date "2015.04.04"]
[Round "7.14"]
[White "Martin Duque, Jesus"]
[Black "Sanchez Jerez, Emilio Miguel"]
[Result "1-0"]
[WhiteElo "2377"]
[BlackElo "2231"]
[PlyCount "69"]
[EventDate "2015.04.01"]
[EventType "swiss"]
[EventRounds "9"]
[EventCountry "ESP"]
[Source "lmi"]
[SourceDate "2015.04.01"]

1. e4 c5 2. Nf3 Nc6 3. Bb5 Nf6 4. e5 Nd5 5. Nc3 Nc7 6. Bxc6 dxc6 7. h3 g6 8. d3
Bg7 9. Be3 Ne6 10. O-O O-O 11. Ne4 b6 12. Qd2 Nd4 13. Bxd4 cxd4 14. b4 f6 15.
exf6 exf6 16. Rfe1 a5 17. a4 h6 18. Ng3 Qd6 19. Rab1 f5 20. bxa5 bxa5 21. Qe2
Bf6 22. Nd2 Bd7 23. Nc4 Qc7 24. Qf3 Rab8 25. Nf1 Kg7 26. Nfd2 g5 27. Nb3 g4 28.
hxg4 fxg4 29. Qg3 Qxg3 30. fxg3 Rb4 31. Nc5 Bf5 32. Rxb4 axb4 33. a5 Rg8 34. a6
Ra8 35. Na5 1-0

[Event "42. Torneo Internacional de La Roda"]
[Site "La Roda ESP"]
[Date "2015.04.04"]
[Round "7.15"]
[White "Perez Mitjans, Orelvis"]
[Black "Garcia Ramos, Marcos"]
[Result "1/2-1/2"]
[WhiteElo "2463"]
[BlackElo "2175"]
[PlyCount "75"]
[EventDate "2015.04.01"]
[EventType "swiss"]
[EventRounds "9"]
[EventCountry "ESP"]
[Source "lmi"]
[SourceDate "2015.04.01"]

1. e4 c5 2. Nf3 e6 3. d4 cxd4 4. Nxd4 a6 5. Bd3 Nf6 6. O-O e5 7. Nf3 Nc6 8. c4
Bc5 9. Nc3 d6 10. h3 h6 11. Nd5 Nxd5 12. cxd5 Nd4 13. Kh1 Nxf3 14. Qxf3 O-O 15.
Qg3 g5 16. h4 f6 17. f4 exf4 18. Bxf4 b5 19. Rac1 Ra7 20. Be3 Bxe3 21. Qxe3 Rc7
22. Rxc7 Qxc7 23. Rc1 Qb8 24. Qf3 Bd7 25. Qh5 Kg7 26. e5 Be8 27. exf6+ Rxf6 28.
Qe2 Qd8 29. hxg5 hxg5 30. Qe3 Bg6 31. Be2 Rf4 32. Rc6 Qf6 33. Bf3 g4 34. Rc7+
Bf7 35. Be2 Qh4+ 36. Kg1 Qe1+ 37. Kh2 Qh4+ 38. Kg1 1/2-1/2

[Event "42. Torneo Internacional de La Roda"]
[Site "La Roda ESP"]
[Date "2015.04.04"]
[Round "7.16"]
[White "Krug Cortegoso, Rodolfo Martin"]
[Black "Campora, Daniel H"]
[Result "0-1"]
[WhiteElo "2182"]
[BlackElo "2450"]
[PlyCount "80"]
[EventDate "2015.04.01"]
[EventType "swiss"]
[EventRounds "9"]
[EventCountry "ESP"]
[Source "lmi"]
[SourceDate "2015.04.01"]

1. Nf3 c5 2. c4 Nc6 3. Nc3 g6 4. g3 Bg7 5. Bg2 e5 6. O-O d6 7. a3 Nge7 8. b4
O-O 9. Rb1 h6 10. d3 Rb8 11. Ne1 b6 12. Nc2 f5 13. Ne3 Be6 14. Ned5 Kh7 15. b5
Na5 16. Bd2 e4 17. Qc2 Re8 18. Rbd1 Nxd5 19. Nxd5 Bxd5 20. cxd5 exd3 21. Qxd3
c4 22. Qf3 Qf6 23. Bxa5 bxa5 24. Rc1 Rbc8 25. Rc2 Rc5 26. Rb1 Qd8 27. g4 Rf8
28. e3 c3 29. Qg3 Kh8 30. Kh1 Qd7 31. gxf5 Rxb5 32. Rbc1 gxf5 33. e4 f4 34. Qf3
Rb2 35. Bh3 Rxc2 36. Rxc2 Qe7 37. Bf5 Be5 38. Be6 Rb8 39. Rc1 Qg5 40. Qg4 f3
0-1